Estadísticas para Todas las canciones de Ysy A

Haz click aquí para intentar la prueba.

Estadísticas generales

  • Esta prueba ha sido intentada 125 veces
  • La puntuación promedio es 57 de 135

Estadísticas de respuestas

HintRespuesta% Correcto
#Ysya2020Silbando
83%
Antezana 247Vuelta a la luna
83%
Hecho a manoFull Ice
81%
YsysmoComo chilla ella
75%
Modo diabloQuavo
75%
Antezana 247Tamo loco
75%
Antezana 247El amanecer
74%
Antezana 247Hidro
74%
Antezana 247No se
74%
Trap de verdadTrap de verdad
74%
Modo diabloTrap N export
72%
YsysmoA por todo
71%
Antezana 247Linaje
71%
Tu duo favoritoFlechazo en el centro
70%
Trap de verdadOro y platino
67%
YsysmoRelojes reventados
67%
Antezana 247Enamorada del diablo
65%
Mordiendo el bozalMordiendo el bozal
65%
Antezana 247Muevelo
65%
Tu duo favoritoTuuuyo
64%
Modo diabloUh
64%
SingleCasi un G
62%
YsysmoUn piso mas
62%
Hecho a manoCalor
61%
YsysmoCual?
61%
YsysmoCuantos terminos?
61%
SinglePastel con nutella
61%
YsysmoCuanto vale hacer el amor?
59%
Tu duo favoritoMi ciudad
59%
Antezana 247Tragos fuertes
59%
Modo diabloVuelta a la luna remix
59%
Mordiendo el bozalSobre el agua
58%
Tu duo favoritoSonido del año
58%
YsysmoUoh oh oh
58%
Hecho a manoDesfilar mis penas
57%
YsysmoPa esta soledad
57%
FeaturingPintao
57%
#Ysya2020Una de dos
57%
#Ysya2020Un flow de infarto
57%
SingleVamo a darle
57%
Hecho a manoBuenos Aires es amor
54%
FeaturingHijo de la noche
52%
#Ysya2020Pasa que yo
52%
Mordiendo el bozalPerdamono
52%
YsysmoSer el trap
52%
SingleTraje unos tangos
52%
Single0800
51%
FeaturingTumbando el club
51%
Hecho a manoAlma
49%
YsysmoHeridas al fuego
49%
Hecho a manoPara sacarmelo
49%
Tu duo favoritoQuieren mas
49%
SingleSalgo a cazar
49%
SingleDame droga
48%
Trap de verdadDe casa en casa
48%
Tu duo favoritoMis pecados
48%
SingleTodo de oro
48%
Hecho a manoBardos y verdades
46%
Trap de verdadDormir es para giles
46%
SingleGuapo
45%
Mordiendo el bozalLa primera vez
45%
Trap de verdadMi amiga la asesina
45%
Modo diabloXanax
45%
Tu duo favoritoDe una
43%
Trap de verdadEn la jungla
43%
Modo diabloTodo negro
43%
Trap de verdadTrap on the rocks
43%
FeaturingDomingo
42%
Hecho a manoDonde las luces
42%
Tu duo favoritoMueren x matarme
42%
SingleRola rola
42%
Mordiendo el bozalTarde
42%
YsysmoTodo pago
42%
Trap de verdadInolvidable
41%
#Ysya2020Dos cajas de globos
39%
Trap de verdadEn el infierno no los vi
39%
Trap de verdadNo hook
39%
Tu duo favoritoSiempre lo mismo
39%
SingleSin conexion
38%
Trap de verdadacelera 2
36%
Trap de verdadSea la hora que sea
36%
FeaturingA punta de espada
35%
FeaturingCaen las estrellas
35%
Mordiendo el bozalSacarte to
35%
FeaturingTeca remix
35%
SingleMeteoritos vs dinosaurios
33%
SingleNati
33%
SingleCalor remix
32%
SingleIgualito a tu padre
32%
Trap de verdadAca no se salva ninguno
30%
Hecho a manoComo tiene que ser
30%
#Ysya2020De la ciudad del tango
30%
SingleEsta que quema
30%
Hecho a manoTantas tentaciones
30%
Tu duo favorito¿Cuantas veces?
29%
FeaturingLa clase
29%
Hecho a manoNegociando por tiempo
29%
SingleNo para
29%
Trap de verdadInspiracion divina
28%
FeaturingOro shampein
28%
Trap de verdadPor que?
28%
Trap de verdadQue desvelo
28%
SingleAl limite
26%
Trap de verdadOtra noche
26%
Trap de verdadTodo automatico
26%
FeaturingTussi
26%
Trap de verdadComo lo come
25%
FeaturingSonido nativo del rio
25%
Trap de verdadUna dosis
25%
Trap de verdadCuando fue?
23%
SingleQuiere comer
23%
Trap de verdadSeteado
23%
SingleSubidon
23%
FeaturingLa cooperativa de la droga
22%
FeaturingOtro level
22%
SingleSurfeando el tsunami
22%
SingleA toda hora
20%
SingleInfinito al doble
20%
FeaturingYa no saben
20%
Bzrp Music SessionBzrp Music Session 37
19%
SingleEn la trampa
19%
FeaturingCanape
17%
FeaturingDame dinero
16%
FeaturingSe corre la bola
16%
FeaturingQuiero ganarme la vida
13%
FeaturingHello cotto remix
12%
FeaturingHambre de mas
9%
FeaturingPegalo ruedalo
9%
SingleModo demoledor
7%
FeaturingResaka
6%
SingleUna luz en todo esto
6%
FeaturingAca en el humo
4%
FeaturingBrillo
4%
Modo diabloTamo suave
4%
FeaturingDel reves
1%

Distribución de puntuación

Porcentaje por número respondido

Porcentaje de gente con cada puntuación

Historial de tus puntuaciones

No has intentado esta prueba.